| 000 | 00548nam a2200205Ia 4500 | ||
|---|---|---|---|
| 001 | 8671 | ||
| 003 | GE_BSU | ||
| 008 | 181216s||||||||xx |||||||||||||| ||und|| | ||
| 040 | _cGE_BSU | ||
| 245 | _aТурбизнес №16. 2013. | ||
| 245 | _bTravel trade russia | ||
| 245 | _cГл.ред.Елена Борисова | ||
| 260 | _aМосква | ||
| 260 | _c2013 | ||
| 300 | _a48 стр. 29см. илл. | ||
| 653 | _aПериодика | ||
| 653 | _aТурбизнес №16. 2013. | ||
| 653 | _aპერიოდიკა | ||
| 942 | _cCR | ||
| 999 |
_c41986 _d41986 |
||